000 00635cam a2200217 a 4500
001 2455555
005 20180316043158.0
008 891108s1991 mau k 001 0 eng
010 _a 89063901
020 _a0312035888 (Instructor's annotated ed.)
040 _aDLC
_cDLC
_dDLC
041 _aeng
080 _a428.2
082 0 0 _a428.2 HAC
_220
100 1 _a25
101 _aEDU
245 1 4 _aThe Bedford handbook for writers /
_cDiana Hacker.
906 _a7
_bcbc
_corignew
_d2
_eopcn
_f19
_gy-gencatlg
942 _2ddc
_cBK
999 _c45196
_d45196